000 00973nam a2200265 i 4500
001 000043464
003 DO-SdBNP
005 20250514133820.0
007 ta
008 140319s201u dr ad 001 0 spa d
040 _aDO-SdBNP
_bspa
_cBNPHU
_erda
082 4 _a362.1969792
_bP769v
_222
245 0 0 _aPolítica Sobre VIH y SIDA en el lugar de trabajo para el sector Zona Franca de la República Dominicana :
_bllegar a cero en el lugar de trabajo.
264 1 _aSanto Domingo :
_bEditor no identificado,
_c19--?
300 _a43 páginas :
_bilustraciones, tablas ;
_c21 cm.
336 _atexto
_btxt
_2rdacontent
337 _asin mediación
_bn
_2rdamedia
338 _avolumen
_bnc
_2rdacarrier
590 _aInventariado, 2018/ YL
650 0 _aSIDA (Enfermedad)
_xPrevención y control
_952709
650 4 _aInfecciones por VIH
_96990
650 0 _aPolítica sanitaria
_zRepública Dominicana
_91344
910 _aValidado. Control de calidad EMS
942 _2ddc
_cLBS1
999 _c42953
_d42953